Budovanie zamestnávateľskej značky vo vybranom podniku ako súčasť personálneho manažmentu diplomová práca

Salvato in:
Dettagli Bibliografici
Autore principale: Vlasáková, Adriána
Ente Autore: Fakulta podnikového manažmentu EU. Katedra manažmentu
Altri autori: Matkovčíková, Natália, 1982-
Natura: Libro
Lingua:slovacco
Pubblicazione: Bratislava 2024
Tags: Aggiungi Tag
Nessun Tag, puoi essere il primo ad aggiungerne!!

MARC

LEADER 00000nbm a2200000 4500
001 0301049
005 20251002124804.6
041 0 |a slo 
044 |a SK 
245 1 0 |a Budovanie zamestnávateľskej značky vo vybranom podniku ako súčasť personálneho manažmentu  |b diplomová práca  |c Adriána Vlasáková ; školiteľ: Natália Matkovčíková 
264 1 |a Bratislava  |c 2024 
300 |a 90 s. 
100 1 |a Vlasáková, Adriána 
700 1 |a Matkovčíková, Natália, 1982- 
710 2 |a Fakulta podnikového manažmentu EU. Katedra manažmentu